| 000 | 00428nam a22001577a 4500 | ||
|---|---|---|---|
| 005 | 20251120103755.0 | ||
| 008 | 251120b |||||||| |||| 00| 0 eng d | ||
| 020 | _a979-8-88715-03-21 | ||
| 100 | _aSEBASTIAN, MIA | ||
| 245 | _aBOTANICAL ANALYSIS OF PLANT CELLS | ||
| 260 |
_aDUBLIN, OH _bORYSON PRESS |
||
| 300 | _aXII, 278P. | ||
| 500 | _aINCLUDES INDEX | ||
| 650 | _aI. PLANT CELLS. 2. CYTOLOGY-PLANTS | ||
| 942 |
_2lcc _cBK |
||
| 999 |
_c216223 _d216223 |
||